00801cam a22002292 450000100060000000300080000600500170001400800410003103500190007204000270009104100080011808200210012610000330014724501380018026000570031830000370037550400410041265000300045365000220048365000300050574000360053512766BD-RjUL20211208235343.0140129s1967 mnua b 000 0 eng  a(BD-RjUL)12816 aMnUcMnUdBD-RjULbeng aeng00a591.18bGEP 19671 aGellhorn, Ernst,d1893-1973.10aPrinciples of autonomic-somatic integrations :bphysiological basis and psychological and clinical implications /cby Ernst Gellhorn. aMinneapolis :bUniversity of Minnesota Press,c1967. axiii, 318 p. :billus. ;c25 cm. aBibliography: p. 255-298. and index. 0aAutonomic nervous system. 0aPsychophysiology. 0aPsychology, Experimental.0 aAutonomic-somatic integrations.